|
|
|
|
| LEADER |
00000nab a2200000uu 4500 |
| 001 |
vtls010913174 |
| 003 |
SK-MaSNL |
| 005 |
20260303150655.0 |
| 008 |
230222|1979 xo |||||||||||||||||cze| |
| 015 |
|
|
|a SNBRB
|
| 035 |
|
|
|a (urnnbn)urn:nbn:sk:snk:ar-a096oi
|
| 035 |
|
|
|a (uuid)6aa71312-998f-4230-9745-ba36e31b8186
|
| 035 |
|
|
|a urn:nbn:sk:snk-ab91zd
|
| 040 |
|
|
|a SNKBUCL
|b slo
|c SNKBUCL
|e AACR2
|
| 041 |
0 |
|
|a cze
|
| 044 |
|
|
|a xo
|c SK
|
| 100 |
1 |
|
|a Šilar, J.
|4 aut
|9 720690
|
| 245 |
1 |
0 |
|a KVALITA SOUČASNÝCH "NÍZKOŠUMOVÝCH" FOTONÁSOBIČŮ A VÝSLEDNÉ PARAMETRY DETEKČNÍCH SYSTÉMŮ S KAPALNÝMI SCINTILÁTORY A S JEDNOKANÁLOVÝM A KOINCIDENČNÍM ZAPOJENÍM FOTONÁSOBIČŮ PRO MĚŘENÍ NÍZKÝCH AKTIVIT MĚKKÝCH ZÁŘIČŮ BETA
|c J. Šilar
|
| 773 |
0 |
|
|t Rádioaktivita a životné prostredie
|g Č. 5 (1979), s. 47-59
|
| 958 |
|
|
|a OND
|
| 958 |
|
|
|a EUIPO
|
| 958 |
|
|
|a article10
|
| 999 |
|
|
|c 2012513
|d 2014443
|